| 000 | 00666nam a2200265Ia 4500 | ||
|---|---|---|---|
| 005 | 20250425161910.0 | ||
| 008 | 250425s9999 xx 000 0 und d | ||
| 020 | _a0892563508 | ||
| 041 | _aeng | ||
| 082 | _a658.5 | ||
| 100 | _aWOMACK, JAMES P. | ||
| 245 | 0 | _aTHE MACHINE THAT CHANGED THE WORLD | |
| 250 | _aS.E. | ||
| 260 |
_aEstados Unidos _bRAWSON ASSOCIATES _c1990 |
||
| 260 | _aNEW YORK | ||
| 300 | _a323 | ||
| 650 | _aADMINISTRACION DE LA PRODUCCION | ||
| 650 | _aINDUSTRIA | ||
| 650 | _aPRODUCCION-ADMINISTRACION | ||
| 700 | _aJONES, DANIEL T | ||
| 700 | _aROOS, DANIEL | ||
| 710 | _aRAWSON ASSOCIATES | ||
| 942 | _c01 | ||
| 010 | _a34207 | ||
| 999 |
_c218411 _d218411 |
||